Cơ sở thiết kế và gia công cơ khí : Sử dụng trong các trường trung cấp và dạy nghề

Αποθηκεύτηκε σε:
Λεπτομέρειες βιβλιογραφικής εγγραφής
Κύριος συγγραφέας:  Cơ sở thiết kế và gia công cơ khí : Sử dụng trong các trường trung cấp và dạy nghề
Μορφή: Sách
Γλώσσα:Undetermined
Έκδοση:  Bách khoa Hà Nội  2017
Θέματα:
Ετικέτες: Προσθήκη ετικέτας
Δεν υπάρχουν, Καταχωρήστε ετικέτα πρώτοι!
Thư viện lưu trữ: Trung tâm Thư viện - Trường Đại học Công nghiệp TP. Hồ Chí Minh
LEADER 00659nam a2200145Ia 4500
001 UIH_08105
008 241002s9999 xx 000 0 und d
082 |a  671 
100 |a  Cơ sở thiết kế và gia công cơ khí : Sử dụng trong các trường trung cấp và dạy nghề 
245 0 |a  Cơ sở thiết kế và gia công cơ khí : Sử dụng trong các trường trung cấp và dạy nghề 
260 |b  Bách khoa Hà Nội 
260 |c  2017 
650 |a Gia công cơ khí 
927 |a Sách 
980 |a Trung tâm Thư viện - Trường Đại học Công nghiệp TP. Hồ Chí Minh